Quiz di cultura generale #9 - Statistics

Statistiche generali
  • Questo quiz è stato fatto 1.611 volte
  • Il punteggio medio è 11 su 20
Statistiche sulle risposte
DOMANDA RISPOSTA % Corretto
Da quale isola provengono i lemuri? Madagascar
78%
Qual è la più grande specie di lucertola? Drago di... Komodo
76%
Chi venne incoronato imperatore la notte di Natale dell'800? Carlo Magno
73%
Chi ha fondato Facebook? Mark Zuckerberg/Zuckerberg
70%
In che nazione è nato Alan Turing? Regno Unito
68%
In che anno avvenne il crollo di Wall Street? 1929
64%
Qual è la più grande isola del Mar dei Caraibi? Cuba
64%
Chi è stata la prima donna a vincere un premio Nobel e la prima di entrambi i generi a vincerne due? Marie Curie/Curie
63%
Tra quale gruppo di persone viene eletto il papa? Cardinali
62%
Chi ha dipinto "Ninfee" Monet/Claude Monet
58%
Chi uccise Achille? Paride
57%
Per quale città-stato combatteva Annibale? Cartagine
56%
Cosa hanno conquistato i Normanni nel 1066? Inghilterra
56%
Qual è l'equivalente sovietico alla CIA? KGB
55%
Quale nazione fa parte dei "Five Eyes" insieme a Usa, Regno Unito, Canada e Australia? Nuova Zelanda
47%
Qual è il secondo libro della Bibbia? Esodo
34%
In quale lingua è scritto il motto della monarchia inglese? Francese
32%
In quale nazione puoi trovare i polder? Olanda/Paesi Bassi
27%
Chi ha scritto Tom Sawyer? Mark Twain/Twain
17%
Che strumento suonava Ravi Shankar? Sitar
11%
Nessun quiz corrispondente trovato
Distribuzione punteggi
Percentuale di utenti per punteggio
Percentile per numero di risposta
I tuoi punteggi nel tempo
Non hai fatto questo quiz